000 00712nam a2200229 i 4500
001 130138
003 ES-MaACL
005 20231027063023.0
007 t|
008 070719s1963 sp |||| | spa d
080 _a83-4"19"
100 1 _aZweig, Stefan,
_d1881-1942
_9118562
245 1 0 _aHombres, libros y ciudades /
_cStefan Zweig ; [traducción de la Editorial Juventud].
260 _aBarcelona :
_bJuventud,
_c[1963] (
_fAtenas)
300 _a416 p. ;
_c24 cm.
490 1 _aGrandes biografías
650 4 _aEscritores-
_vBiografías.
_9136034
710 2 _aEditorial Juventud.
_93443
830 1 _aGrandes biografías
_9181124
852 4 _aES-MaACL
_jC-23961
999 _c130138
_d130138